Statistics for Countries Visible from the Prime Meridian

Click here to take the quiz!

General Stats

  • This quiz has been taken 13 times
    (3 since last reset)
  • The average score is 32 of 36

Answer Stats

Country% Correct
Algeria
100%
Angola
100%
Argentina
100%
Australia
100%
Brazil
100%
Burkina Faso
100%
Chile
100%
Democratic Republic of the Congo
100%
Equatorial Guinea
100%
France
100%
Gabon
100%
Ghana
100%
Iceland
100%
Mali
100%
Morocco
100%
Namibia
100%
Nigeria
100%
Norway
100%
Republic of the Congo
100%
Sao Tome and Principe
100%
South Africa
100%
Spain
100%
Sweden
100%
Togo
100%
Tunisia
100%
United Kingdom
100%
Cameroon
67%
Canada
67%
Denmark
67%
Germany
67%
Italy
67%
Ivory Coast
67%
New Zealand
67%
Russia
67%
Uruguay
67%
Liberia
33%

Score Distribution

Percentile by Number Answered

Percent of People with Each Score

Your Score History

You have not taken this quiz since the last reset